000 01824cam a22003738i 4500
999 _c29093
_d29064
001 20701737
003 EG-ScBUE
005 20210419113711.0
008 180923t2020 nyuo f bd 001 0 eng d
020 _a9781260566239
020 _a1260566234
040 _aLBSOR/DLC
_beng
_erda
_cLBSOR
_dEG-ScBUE
082 0 4 _a701.18
_bGET
_222
100 1 _aGetlein, Mark,
_eauthor.
245 1 0 _aLiving with art /
_cMark Getlein.
250 _aTwelfth edition.
250 _aInternational student edition.
264 1 _aNew York, NY :
_bMcGraw-Hill Education,
_c[2020]
264 4 _cc2020
300 _axviii, 574 pages :
_bphotographs ;
_c28 cm
336 _atext
_2rdacontent
_btxt
337 _aunmediated
_2rdamedia
_bn
338 _avolume
_2rdacarrier
_bnc
500 _aIncludes glossary.
504 _aIncludes bibliographical references and index.
505 0 _aLiving with art -- What is art? -- Themes of art -- The visual elements -- Principles of design -- Drawing -- Painting -- Prints -- Camera and computer arts -- Graphic design -- Sculpture and installation -- Arts of ritual and daily life -- Architecture -- Ancient Mediterranean worlds -- Christianity and the formation of Europe -- The Renaissance -- The 17th and 18th centuries -- Arts of Islam and of Africa -- Arts of Asia : India, China, and Japan -- Arts of the Pacific and of the Americas -- The modern world : 1800-1945 -- From modern to postmodern -- Contemporary art around the world.
520 _a"An introduction to how and why art is made, and a history of art worldwide from prehistory to the present day"--
_cProvided by publisher.
650 7 _aArt appreciation.
_2BUEsh
653 _bGGEN
_cApril2021
655 _vReading book
_934232
906 _a7
_bcbc
_corignew
_d1
_eecip
_f20
_gy-gencatlg
942 _2ddc
_cBB